| 000 | 00858nam a22002177a 4500 | ||
|---|---|---|---|
| 005 | 20210325214747.0 | ||
| 008 | s2559 th tha d | ||
| 020 | _a9786167955223 | ||
| 041 | _atha | ||
| 050 | _aSB 187.T5 ช589 2559 | ||
| 245 | 1 | 0 | _aชี้ช่องรวยด้วย...พืชเศรษฐกิจ ทำเงิน |
| 260 | 3 |
_aกรุงเทพฯ : _bดีเค, _c2559 |
|
| 300 |
_a66 หน้า : _b ภาพประกอบ ; _c 30 ซม. |
||
| 610 | _aเพื่อนเกษตรกร | ||
| 650 | 0 | 4 | _aพืชเศรษฐกิจ -- ไทย |
| 850 | _aNALT | ||
| 942 | _cGB | ||
| 997 | _a47678 | ||
| 997 | _c000000000077512 | ||
| 998 | _aนางสาวอรุณทิพย์ จันทร์ดิษฐ์ | ||
| 999 |
_c77512 _d77512 |
||